000 00601nam a22001577a 4500
003 OSt
005 20150916111314.0
008 150916b xxu||||| |||| 00| 0 eng d
040 _cRUA
082 _aAGR PEN 2003 B029 Or.1
100 _9584
_aPEN VICHET
245 _aCashew-nut of small householders at memot district kampong cham province,(ដំណាំស្វាយចន្ទីជាលក្ខណោះគ្រួសារនៅស្រុកមេមត់​ខេត្តកំពង់ចាម)
260 _aphnom penh
_bRUA
_c2003
300 _a45p.
_cill.
_g29cm.
942 _2ddc
_cAGR
999 _c562
_d562